00525nam a2200193 a 4500001001300000003000900013005001700022008004100039020002300080082002200103100001800125245005500143260003100198300000900229500003500238505002400273650001600297700001800313nice12345678IN_TiNIC20260116013724.0050524s1987 newa grp 000 0 eng  a8185024 c21000a306.0899145bRAJ2 aRajgopal, P R aSocial Change and Violenceb the Indian Experience aNew DelhibUppal Pubc1987 a227p aincludes index and biblioraphy2 aBibliography, Index aCaste-India1 aRajgopal, P R